<?xml version="1.0" encoding="UTF-8"?>
<marc:record xmlns:marc="http://www.loc.gov/MARC21/slim">
   <marc:leader>00000nam a2200000 a 4500</marc:leader>
   <marc:datafield ind1="1" ind2=" " tag="100">
      <marc:subfield code="a">Bausch, Peter</marc:subfield>
      <marc:subfield code="4">aut</marc:subfield>
      <marc:subfield code="e">Verfasser/-in</marc:subfield>
   </marc:datafield>
   <marc:datafield ind1=" " ind2=" " tag="653">
      <marc:subfield code="a">Softcover / Reiseführer/Europa</marc:subfield>
   </marc:datafield>
   <marc:datafield ind1=" " ind2=" " tag="653">
      <marc:subfield code="a">Führer</marc:subfield>
   </marc:datafield>
   <marc:datafield ind1="0" ind2="0" tag="245">
      <marc:subfield code="a">Provence, Côte d'Azur</marc:subfield>
   </marc:datafield>
   <marc:datafield ind1="0" ind2="0" tag="245">
      <marc:subfield code="b">20x Top-Empfehlungen: Der gute Tipp von Merian</marc:subfield>
   </marc:datafield>
   <marc:datafield ind1="0" ind2="0" tag="245">
      <marc:subfield code="c">der Autor Peter Bausch</marc:subfield>
   </marc:datafield>
   <marc:datafield ind1=" " ind2="1" tag="264">
      <marc:subfield code="a">München</marc:subfield>
      <marc:subfield code="b">Travel-House-Media</marc:subfield>
      <marc:subfield code="c">2009</marc:subfield>
   </marc:datafield>
   <marc:datafield ind1="1" ind2=" " tag="490">
      <marc:subfield code="a">Merian-Reiseführer</marc:subfield>
   </marc:datafield>
   <marc:datafield ind1=" " ind2=" " tag="250">
      <marc:subfield code="a">1. Aufl.</marc:subfield>
   </marc:datafield>
   <marc:datafield ind1="1" ind2=" " tag="520">
      <marc:subfield code="a">Angaben aus der Verlagsmeldung

Provence/Côte d'Azur / von Peter Bausch

Etwas Altes, etwas Neues und etwas Blaues - unser Autor Peter Bausch präsentiert seine "Braut", Frankreichs Urlaubsregion Nummer 1, in ihrer ganzen Pracht: Römischen Bauten in Arles und Nîmes, Bergdörfer, die wie Vogelnester an den Felsen kleben, und versteckte Buchten an einer grandiosen Küste, die neue mediterrane Küche, wie sie in den Bistrots de pays gepflegt wird, daneben elegante Hotels der Belle-Epoque und Villen am Meer. Italienisches Flair in Nizza, die Strandbars von Cannes und "St-Trop", und orientalische Viertel in Marseille. Pralles Leben, über dem der Himmel die Farbe der Landschaft spiegelt: blauer Lavendel, blaue Wasser der Côte und des Verdon, und blaue Stunden in der Nachmittagshitze.

Weitere Ausstattungsmerkmale: herausnehmbare Faltkarte Provence/Côte dAzur, sechs Stadtpläne, drei laminierte Tourenkarten; ca. 220 Farbfotos. 8 x MERIAN-Spezial, 20 x Top-Empfehlungen DER GUTE TIPP VON MERIAN, Glossar, Sprachführer und Essdolmetscher
</marc:subfield>
   </marc:datafield>
   <marc:datafield ind1=" " ind2=" " tag="020">
      <marc:subfield code="a">9783834202291</marc:subfield>
      <marc:subfield code="9">9783834202291</marc:subfield>
   </marc:datafield>
   <marc:datafield ind1=" " ind2=" " tag="041">
      <marc:subfield code="a">ger</marc:subfield>
   </marc:datafield>
   <marc:datafield ind1=" " ind2=" " tag="300">
      <marc:subfield code="a">320 S.</marc:subfield>
   </marc:datafield>
</marc:record>
